000 00502nam a2200193 a 4500
001 1757826843233
003 YourLibrary
005 20250915121514.0
008 250914s1956##################000#0#eng##
020 _a9780415136372
082 0 4 _a150.1954
_bJUN
100 1 _aJung, Carl Gustav,
_eauthor.
245 1 0 _aSymbols of Transformation :
260 _bPsychology Press,
_c1956.
300 _a664 pages
650 0 _aPsychology.
942 _cENGLISH
040 _aYourLibrary
_beng
_cYourLibrary
999 _c587107
_d587107